| 000 | 00726cam a22002531 4500 | ||
|---|---|---|---|
| 001 | sa 68008308 | ||
| 003 | DLC | ||
| 005 | 20260227112531.0 | ||
| 008 | 830405s1964 ii a 100 0 eng | ||
| 010 | _asa 68008308 | ||
| 025 | _aPL480:I-E-8170 | ||
| 035 | _a(OCoLC)9376485 | ||
| 040 |
_aDLC _cViU _dDLC |
||
| 042 | _apremarc | ||
| 050 | 0 | 0 |
_aGR10 _b.A6 1964aa |
| 111 | 2 |
_aAll-India Folklore Conference _n(1st : _d1964 : _cCalcutta) |
|
| 245 | 0 | 0 |
_aAll-India Folklore Conference: _b[souvenir. |
| 260 |
_aCalcutta, _c1964?] |
||
| 300 |
_a51 p. _billus. _c24 cm. |
||
| 500 | _aCover title. | ||
| 500 | _aSponsored by the Indian Folklore Society. | ||
| 650 | 0 |
_aFolklore _vCongresses. |
|
| 710 | 2 | _aIndian Folklore Society. | |
| 999 |
_c82352 _d82352 |
||